000 02140cam a22005894i 4500
003 PE-LiUPU
005 20250731170502.0
008 2405s2024 sp a rb 000 0 spa d
020 _a9788436850086
035 _aPE-LiUPU000006
040 _aPE-LiUPU
_bspa
_cPE-LiUPU
_erda
082 0 4 _a174.4
_bD147p
_223
100 1 _aDal Borgo, Rodrigo W.,
_eautor.
245 1 0 _aPlanificación de escenarios en la empresa :
_buna mirada ética /
_cRodrigo W. Dal Borgo, Ibon Zugasti, Eneko Astigarraga.
264 1 _aMadrid :
_bEdiciones Pirámide,
_c2024.
300 _a179 páginas :
_bilustraciones, gráficos ;
_c23 cm
336 _atext
_2rdacontent
337 _aunmediated
_2rdamedia
338 _avolume
_2rdacarrier
490 0 _aBiblioteca CEA de ética empresarial
504 _aIncluye referencias bibliográficas al final de cada capítulo.
505 0 _aPlanteamiento -- Utilizando la planificación de escenarios para evaluar la cultura ética -- Escenarios: herramienta complementaria para diagnosticar la cultura ética -- Visualizando el cambio sistémico y la adaptación de la cultura ética -- Prospectiva estratégica en pequeñas y medianas organizaciones y empresas desde una perspectiva ética -- Prospectiva global desde una perspectiva ética.
526 _aSEG68
526 _aSEG70
526 _aSEG69
526 _aSEG67
526 _aSEG43
526 _aP144
526 _aP143
526 _aP131
526 _aP122
526 _aP120
526 _aP117
526 _aP112
526 _aP110
526 _aP106
526 _aP101
526 _aP80
526 _aP59
526 _aP54
526 _aP35
526 _aP33
526 _aP30
650 1 0 _xÉtica empresarial
_aÉtica empresarial.
_95378
650 1 0 _aAspectos morales
_xÉtica empresarial
_95379
650 2 0 _aPlanificación estratégica
_xAspectos éticos.
_95376
700 _aZugasti, Ibon
_eautor.
_95437
700 _aAstigarraga, Eneko,
_eautor.
_95438
942 _2ddc
_cBK
980 _81
_gALBERTO SANCHEZ Responsable de Automatización
999 _c62949
_d62948